000 01115cam a2200337 4500
008 000000n2000 000 0 eng u
020 _a0333771281
035 _a(Sirsi) u111578
100 _aBalchin, P.
245 _aUrban economics : a global perspective.
260 _aBasingstoke
_bPalgrave
_c2000
300 _axx,539p.
_b.ill
_c24cm.
350 _a23.99
520 _aAnalyses urban economics issues within a world focus, each chapter being divided into considerations relating particularly to advanced capitalist countries, those nations undergoing political and economic transition, and newly industrialising or developing countries.
650 _aECONOMIC GROWTH
650 _aHOUSING
650 _aPROPERTY DEVELOPMENT
650 _aPROPERTY INVESTMENT
650 _aPROPERTY MARKET
650 _aURBAN DEVELOPMENT
650 _aURBAN ECONOMICS
650 _aURBAN GROWTH
650 _aURBAN LAND
650 _aURBAN PLANNING
650 _aURBAN RENEWAL
650 _aURBANISATION
690 _aECONOMIC ISSUES
700 _aChen, J.
700 _aIsaac, D.
942 _n0
999 _c101257
_d101257